000 01056nam a2200313 i 4500
003 EG-GICUC
005 20260121101516.0
008 251217s1974 ne | ||fr|||| 001 0 eng d
040 _aEG-GiCUC
_cEG-GiCUC
_dEG-GiCUC
_erda
_beng
041 _aeng
082 0 4 _221
_a341.84
_bSZ . C
092 0 4 _221
099 _aLaw1 12 341.84 SZ . C 1974
100 1 _aSzászy, István,
_d1899-1976,
_eAuthor.
245 1 0 _aConflict of Laws in the Western, Socialist and Developing Countries /
_cBy István Szászy.
264 1 _aLeiden :
_bSijthoff,
_c1974.
300 _a424 pages ;
_c24 cm.
336 _2rda content
_atext
337 _2rda media
_aComputer
338 _2rda carrier
_aOnline Resource
500 _a[Translated from the Hungarian by Jozsef Decsényi]
504 _aIncludes bibliographical references.
546 _aText in English
650 1 4 _aconflict of laws
_xPrivate international law
_2qrmak
651 1 _2qrmak
856 4 0 _uhttps://fll.law.cu.edu.eg/fulltext/bks/B12-01573.pdf
905 _a75
_eHassnaa
942 _2ddc
_cBK
_e21
_n0
999 _c51163
_d51163